La ruta de Severo Sarduy /
Wedi'i Gadw mewn:
| Prif Awdur: | |
|---|---|
| Fformat: | Anhysbys |
| Iaith: | Spanish |
| Cyhoeddwyd: |
Hanover, N.H., U.S.A :
Ediciones del Norte,
1987.
|
| Rhifyn: | 1 edición |
| Pynciau: | |
| Tagiau: |
Ychwanegu Tag
Dim Tagiau, Byddwch y cyntaf i dagio'r cofnod hwn!
|
MARC
| LEADER | 000000000a22000000004500 | ||
|---|---|---|---|
| 001 | 014455 | ||
| 041 | 0 | |a spa | |
| 082 | 0 | 4 | |a 863.20 |b G643r |
| 100 | 1 | |a González Echevarría, Roberto | |
| 245 | 1 | 3 | |a La ruta de Severo Sarduy / |c Roberto González Echevarría. |
| 250 | |a 1 edición | ||
| 260 | 1 | |a Hanover, N.H., U.S.A : |b Ediciones del Norte, |c 1987. | |
| 300 | |a 274 páginas : |b ilustraciones ; |c 21 cm. | ||
| 650 | 4 | |a SARDUY, SEVERO, 1937-1993 | |
| 650 | 4 | |a CRITICA | |
| 650 | 4 | |a INTERPRETACION | |
| 500 | |a Colección George Yúdice | ||
| 999 | |c 20344 |d 20344 | ||
| 942 | |c BK |h 863.20 G643r |2 z | ||
